M.A.S.H. /

Guardat en:
Dades bibliogràfiques
Autor principal: Mandel, Johnny (Compositor)
Altres autors: Altman, Robert (Director), Hooker, Richard (Scenarist), Sutherland, Donald, (1935-2024) (Actor), Skerritt, Tom (Actor), Gould, Elliott (Actor)
Format: Diapositiva
Idioma:italià
Publicat: [Roma] : L'Unità, [1996]
Col·lecció:Americana ; 26
Etiquetes: Afegir etiqueta
Sense etiquetes, Sigues el primer a etiquetar aquest registre!

MARC

LEADER 00000ngm a22000007i 4500
001 IT\ICCU\RAV\0878929
003 ItRI
005 20260124182818.0
008 041126s1996 it |||||||||||||||k|||||c
040 |b ita 
041 7 |a ita  |2 ISO-639-2 
082 |a 791.43617  |9 CINEMA. FILM CON SPECIFICHE CARATTERISTICHE. Commedia  |2 20 
100 1 |a Altman, Robert  |0 IT\ICCU\RAVV\029112  |4 drt 
240 1 0 |a M.A.S.H. <film ; 1970>  |3 IT\ICCU\PUV\0925834 
245 1 0 |a M.A.S.H. /  |c regia Robert Altman ; sceneggiatura Ring Lardner, jr. ; da un racconto di Richard Hooker ; musiche di Johnny Mandel. 
246 1 3 |a M.A.S.H <videoregistrazione>  |9 IT\ICCU\SCM\0083140 
260 |a [Roma] :  |b L'Unità,  |c [1996] 
300 |a 1 videocassetta (VHS) (113 min.) :  |b color., son. +  |e 1 opusc 
500 |a Tit. del contenitore 
500 |a Film del 1970, USA; interpreti: Donald Sutherland, Elliott Gould, Tom Skerritt 
500 |a Suppl. a: L'Unità. 
700 1 |a Hooker, Richard  |0 IT\ICCU\MILV\082147  |4 sce 
700 1 |a Sutherland, Donald,  |d  (1935-2024)  |0 IT\ICCU\RAVV\088796  |4 act 
700 1 |a Mandel, Johnny  |0 IT\ICCU\RAVV\089011  |4 cmp 
700 1 |a Skerritt, Tom  |0 IT\ICCU\RAVV\092642  |4 act 
700 1 |a Gould, Elliott  |0 IT\ICCU\RAVV\092938  |4 act 
790 1 |a Mandel, John,  |d  (1925-2020)  |3 IT\ICCU\SBNV\077513  |z Mandel, Johnny 
790 1 |a Mandel, John Alfred,  |d  (1925-2020)  |3 IT\ICCU\SBNV\077514  |z Mandel, Johnny 
830 0 |a Americana ;  |v 26  |0 IT\ICCU\RAV\0278880 
942 |2 ddc  |c VM  |n 0 
952 |0 0  |1 0  |4 0  |6 VO_916_000000000000000  |7 0  |9 26746  |a BO  |b BO  |d 2026-01-24  |i 7879  |l 0  |o VO 916  |p BO7879  |r 2026-01-24 18:28:18  |w 2026-01-24  |x [Sebina 5] [1 videocassetta]  |y VM  |z 1 videocassetta 
999 |c 22619  |d 22619